000 00207nam a2200085Ia 4500
008 210924s9999 xx 000 0 und d
245 0 _aIndian journal of Agricultural Economics
260 _c1981
942 _cBV
999 _c157994
_d157994